[Event "7th Uppsala Young Champions"]
[Site "Uppsala"]
[Date "2020.10.27"]
[Round "7.9"]
[White "Olsson, William"]
[Black "Muetsch, Annmarie"]
[Result "0-1"]
[WhiteElo "2192"]
[BlackElo "2226"]
[Annotator "TA"]
[PlyCount "128"]
[EventDate "2020.10.23"]
[EventType "swiss"]
[EventCountry "SWE"]
[SourceTitle "playchess.com"]
[Source "ChessBase"]
[SourceQuality "1"]

{[%evp 15,128,16,11,10,14,13,22,21,21,-19,-27,-49,7,-12,-12,-39,20,-250,12,14,0,0,20,4,8,0,23,0,0,0,0,-128,-100,-166,9,0,31,39,54,30,36,0,11,0,0,0,22,0,38,0,7,0,9,18,16,0,67,0,0,0,0,0,41,23,45,0,0,0,-1,-37,-2,-13,0,0,0,-32,0,-36,0,-12,0,-44,-9,-8,0,-34,-29,-23,0,-208,-88,-141,-147,-54,-82,-802,-795,-795,-752,-835,-831,-810,-777,-29987,-29988,-29988,-29989,-29989,-29990,-29992,-29993,-29993,-29994,-29996,-29997]} 1. c4 Nf6 2. Nc3 g6 3. g3 Bg7 4. Bg2 O-O 5. Nf3 d6 6. O-O Nbd7 7. Rb1 a5 8. a3 e5 9. b4 {A16: English Opening: 1...Nf6 with ...d5.} axb4 10. axb4 Nb6 11. d3 {The position is equal.} e4 12. Ne1 exd3 13. exd3 {[#]} Bg4 $146 (13... d5 $1 $15 14. c5 d4) ({Predecessor:} 13... d5 14. c5 d4 15. Nb5 Na4 16. Qc2 c6 17. Nd6 Nc3 18. Rb2 Nfd5 19. Nf3 b5 {1-0 (40) Donchenko,A (2385)-Bitman,A (2345) Protvino 1992}) 14. Qb3 {[#]} d5 $1 {[%mdl 512]} 15. c5 (15. Nxd5 Nbxd5) 15... Nc8 ({Black should play} 15... d4 $15 16. cxb6 dxc3 17. Bxb7 cxb6 18. Bxa8 Qxa8) 16. Nc2 $2 {[%mdl 8192]} (16. Bb2 $11 {and White is okay.}) 16... c6 $2 (16... d4 $1 $19 {Threatens to win with ...Be6.} 17. Na4 Be6) 17. h3 $11 Bd7 18. Bb2 h5 19. Ne2 Re8 20. Ned4 Ne7 21. Ra1 Rxa1 22. Rxa1 Qc8 23. Kh2 (23. h4 $11) 23... h4 $1 $17 24. g4 {[#]} (24. Ne3 $17) 24... Qc7+ $2 (24... Nxg4+ $1 $19 25. hxg4 Bxg4) 25. Kg1 $11 Nh7 26. Nf3 g5 27. Bxg7 Kxg7 28. Qb2+ f6 29. Ne3 Kf7 30. Ra7 Nf8 31. Nd4 Nfg6 32. Ne2 (32. b5 $5 {[%cal Rb5c6]} Rb8 33. bxc6 Bxc6 34. Ne2 $14) 32... Qb8 33. Ra1 Nf4 34. Nxf4 Qxf4 35. b5 Ng6 (35... cxb5 $11 36. Nxd5 Nxd5 37. Bxd5+ Kg7) 36. bxc6 ({White should try} 36. Ra7 $14 Qb8 {[#]} 37. bxc6 $1 {[%mdl 512]} Bxc6 38. Ra1) 36... bxc6 37. d4 Rb8 38. Qc3 Nf8 39. Re1 {And now Bxd5+! would win.} Be6 40. Nc2 Qc7 41. Nb4 {Black must now prevent Na6.} Qb7 42. Rb1 Ng6 43. Rb2 Nf4 44. Bf1 Qc8 45. Rd2 Ra8 46. Rc2 Ra4 47. Rc1 Qa8 48. Nc2 Ra2 49. Rb1 f5 50. Ne3 fxg4 51. hxg4 h3 52. f3 $2 (52. Qe1 $11 {and White stays safe.}) 52... Ra3 (52... Qa3 $19 {and Black stays clearly on top.} 53. Rb3 Qa5 54. Qxa5 Rxa5) 53. Rb3 (53. Qe1 $142) 53... Rxb3 $17 54. Qxb3 Qa1 $36 {[%mdl 2048] Black is really pushing.} 55. Qd1 $2 {[%mdl 8192]} (55. Qb7+ $17 Kf6 56. Qb8) 55... Qc3 $19 56. Kf2 Qb2+ 57. Qc2 Qxd4 58. Qh7+ Ke8 59. Qc7 Qd2+ {Black mates.} 60. Kg3 Qe1+ 61. Kh2 Qf2+ {[%mdl 64] Double Attack} 62. Ng2 hxg2 {[%csl Gf2][%cal Rg2g1]} 63. Qb8+ {[#]} Kf7 $1 {[%csl Gf2][%cal Rg2g1]} 64. Qb7+ {[#]} Kf6 $1 {Av CentiPawn Loss W=-53/B=-22. Weighted=-71/-33} 0-1

[Event "7th Uppsala Young Champions"]
[Site "Uppsala"]
[Date "2020.10.27"]
[Round "7.10"]
[White "Nilsson, Joakim"]
[Black "Rasti, Arvin"]
[Result "1-0"]
[WhiteElo "2224"]
[BlackElo "2201"]
[Annotator "TA"]
[PlyCount "93"]
[EventDate "2020.10.23"]
[EventType "swiss"]
[EventCountry "SWE"]
[SourceTitle "playchess.com"]
[Source "ChessBase"]
[SourceQuality "1"]

{[%evp 9,93,23,52,5,25,45,60,41,51,14,38,27,74,73,72,8,12,9,14,17,25,8,30,0,10,8,16,16,21,-31,-7,-19,0,0,20,8,8,12,39,20,27,28,25,23,0,20,31,29,70,41,26,44,63,37,211,204,218,214,344,345,339,330,789,774,743,729,1595,1385,1222,1200,1002,918,856,408,395,389,464,464,506,493,505,507,486,454,6034,6111]} 1. d4 g6 2. e4 Bg7 3. Nc3 c6 4. h3 d6 5. Nge2 Nd7 6. g3 {B06: Modern Defence.} e5 7. Bg2 Ne7 8. O-O {White is slightly better.} O-O 9. Be3 Qc7 {[#]} 10. Qd2 $146 ({Predecessor:} 10. a4 f5 11. Qd2 Nf6 12. exf5 gxf5 13. Bh6 Ng6 14. Rad1 Be6 15. Bxg7 Kxg7 16. dxe5 dxe5 {0-1 (50) Terao,R (2386)-Krylov,I (2426) chess.com INT 2020}) 10... Nb6 {[#]} 11. b3 $1 Be6 12. dxe5 (12. Rad1 $16) 12... dxe5 $11 13. Rad1 Rad8 14. Qc1 Nbc8 15. Na4 {[%cal Bc3a4,Ba4b2,Bb2d3][%mdl 32]} b6 16. Nb2 Rxd1 17. Rxd1 Rd8 18. Nd3 Rd7 19. a4 (19. f4 $11) 19... Qd8 20. Nb2 f6 21. Nc3 f5 22. exf5 gxf5 23. Bh6 Bf6 24. Bg5 Nd5 25. Bxf6 Qxf6 26. Nxd5 cxd5 27. Nd3 d4 28. a5 Bd5 29. Bxd5+ Rxd5 30. axb6 Nxb6 31. Qa3 f4 $2 {This costs Black the game.} ({Black should try} 31... a5 $14) 32. Qxa7 $18 fxg3 33. fxg3 Qf3 (33... Rd8 $142) 34. Qb8+ Kg7 35. Rd2 Ra5 $2 (35... Nd7 36. Qb7 Qf7) 36. Kh2 Ra1 37. Qxe5+ Kg8 38. Qg5+ Kh8 39. Qd8+ Kg7 40. Qxd4+ Qf6 41. Qxf6+ (41. Qc5 $142 Nd7 42. Qd5) 41... Kxf6 {[%mdl 4096] Endgame KRN-KRN} 42. Nf4 {[#] And now Rd6+ would win.} Ke5 43. c4 {White is clearly winning.} Rb1 44. c5 Nc8 45. b4 Ke4 46. Nd5 {Nc3+ is the strong threat.} Na7 (46... Ke5 $142 47. h4 Na7) 47. Nc3+ {[%mdl 64] Double Attack. Av CentiPawn Loss W=-26/B=-65. Weighted=-22/-105} 1-0

[Event "7th Uppsala Young Champions"]
[Site "Uppsala"]
[Date "2020.10.27"]
[Round "7.11"]
[White "Nilssen, Ellen Fredericia"]
[Black "Seo, Jung Hyun"]
[Result "1-0"]
[WhiteElo "2209"]
[BlackElo "1936"]
[Annotator "TA"]
[PlyCount "65"]
[EventDate "2020.10.23"]
[EventType "swiss"]
[EventCountry "SWE"]
[SourceTitle "playchess.com"]
[Source "ChessBase"]
[SourceQuality "1"]

{[%evp 25,65,0,0,7,1,0,-5,-14,37,13,37,36,34,28,37,9,8,9,6,14,14,0,9,18,49,6,34,0,0,0,436,421,29993,29994,29994,29995,29995,29996,29996,29997,29998,29999]} 1. d4 d5 2. c4 e6 3. Nc3 Nf6 4. Bg5 Be7 5. e3 Nbd7 6. Nf3 h6 7. Bh4 O-O 8. Bd3 c5 9. O-O b6 10. Qe2 Bb7 11. cxd5 Nxd5 12. Bg3 cxd4 13. Nxd5 Bxd5 14. Nxd4 {D58: Queen's Gambit Declined: Tartakower Defence.} Nc5 15. Bb5 {[#]} Qc8 $146 ({Predecessor:} 15... Bd6 16. Rfd1 Bxg3 17. hxg3 Qe7 18. Rac1 Rfc8 19. b4 Ne4 20. Bc6 Bxc6 21. Nxc6 Qb7 {1-0 (38) Levin,E (2440)-Klimov,S (2483) Sochi 2008}) 16. b4 {The position is equal.} Ne4 (16... a6 $11 17. Bc4 (17. bxc5 bxc5 18. Bd3 cxd4 $11) 17... Bxc4 18. Qxc4 Nd7) 17. Rac1 $14 Nxg3 18. hxg3 Qb7 19. Ba6 Qb8 $1 20. Nb5 {Black should prevent e4.} Bxb4 21. Nc7 Bc5 22. Nxa8 Qxa8 23. f3 Qb8 24. f4 e5 25. Bc4 Bc6 26. Rcd1 exf4 27. Rxf4 g5 $2 {[%mdl 8192]} (27... Qe5 $11 28. Kh1 Kh8) 28. Rf6 $1 $18 {[%csl LRc6,LRh6][%mdl 64] Strongly threatening Qd3. Double Attack} Ba4 {[#]} (28... Qxg3 $18 29. Rg6+ Kh7 30. Rxc6 Qxe3+ 31. Qxe3 Bxe3+ 32. Kf1 h5) 29. Qh5 $1 {[%mdl 576] Double Attack. White mates.} Bxe3+ {[#]} 30. Kh1 $1 {[%mdl 512]} g4 31. Bxf7+ Kg7 32. Rg6+ {[%mdl 64] Double Attack} Kxf7 33. Qf5+ {Av CentiPawn Loss W=-7/B=-82. Weighted=-9/-64} 1-0

[Event "7th Uppsala Young Champions"]
[Site "Uppsala"]
[Date "2020.10.27"]
[Round "7.12"]
[White "Trost, Edvin"]
[Black "Frank, Adam"]
[Result "0-1"]
[WhiteElo "2202"]
[BlackElo "2129"]
[Annotator "TA"]
[PlyCount "154"]
[EventDate "2020.10.23"]
[EventType "swiss"]
[EventCountry "SWE"]
[SourceTitle "playchess.com"]
[Source "ChessBase"]
[SourceQuality "1"]

{[%evp 9,154,39,49,46,56,59,80,0,0,0,5,-37,-34,-17,8,6,0,-35,-34,-30,0,-20,-19,-19,-10,-16,68,-20,-14,-21,0,0,0,0,26,33,40,27,34,-15,8,8,7,10,10,5,6,0,0,-12,-12,-12,-18,-19,-12,-16,0,-92,-91,-126,-132,-167,-144,-149,-100,-94,-60,-45,-43,-72,-60,-267,-269,-260,-266,-295,-280,-269,-268,-262,-206,-357,-334,-580,-585,-561,-574,-498,-397,-778,-770,-744,-350,-356,0,-722,-510,-533,-532,-533,-528,-495,-514,-629,-593,-558,-527,-593,-588,-585,-586,-572,-593,-956,-946,-1069,-1111,-1043,-1037,-1109,-1035,-1145,-1087,-1322,-1389,-1424,-1464,-1370,-1121,-1357,-1308,-1379,-1511,-29987,-29988,-29988,-29989,-29989,-29990,-29992,-29992,-29992,-29993,-29994,-29995,-29995,-5493]} 1. d4 Nf6 2. c4 g6 3. Nc3 Bg7 4. e4 d6 5. Be2 Nbd7 6. Be3 {E73: King's Indian: Averbakh Variation without 6...c5.} c5 7. d5 Qa5 {[#]} 8. Kf1 $146 ({White should try} 8. Bd2 $16) ({Predecessor:} 8. Bd2 Qb6 9. Qc2 h5 10. h3 a6 11. a3 Nf8 12. b4 N8d7 13. Rb1 Qc7 14. f4 cxb4 15. axb4 {1-0 (66) Radhy Sol,M-Nawa,M Dubai 1986}) 8... b5 $11 9. cxb5 a6 10. a4 axb5 11. Bxb5 O-O 12. Nge2 Ba6 {White must now prevent ...Bxb5.} 13. Bd2 Ne5 14. Qc2 Rfb8 (14... Qb4 $5 {[%cal Ra6b5]}) 15. b3 Qb4 {[%cal Ra6b5]} 16. Bxa6 Rxa6 17. Rb1 Rc8 (17... Raa8 $11) 18. g3 (18. h4 $14) 18... Nf3 {And now ...Nxe4! would win.} 19. Bc1 Rb6 20. Qd3 $1 {[%cal Rd3f3]} Ne5 $1 {[%cal Re5d3]} 21. Qc2 $1 Rbb8 22. Kg2 c4 23. bxc4 Qxc4 24. Be3 Nd3 {...Rxb1 is the strong threat.} (24... Nfg4 $5 {[%cal Rg4e3]} 25. Bd4 Nd3 26. Rxb8 Rxb8 $11) 25. Rxb8 Rxb8 26. Rd1 Nb4 27. Qb1 Nd7 $132 {[%mdl 2048] Black is not keeping still} 28. Bd4 Nc6 29. Qd3 Qxd3 30. Rxd3 Nxd4 31. Nxd4 Nc5 32. Rd1 Rb4 33. Ncb5 (33. Nc6 $11 {keeps the balance.} Bxc3 34. Nxb4 Bxb4 35. Rc1) 33... Rxa4 ({Much weaker is} 33... Nxe4 34. Re1 $15) 34. f3 Rb4 35. Rd2 Bf6 36. Kf2 Kg7 37. Ke3 Nb3 38. Rd3 Na5 39. f4 Rb2 {Threatens to win with ...Nc4+.} 40. h4 $2 {White is on the road to losing.} (40. Rc3 $15) 40... Nc4+ $19 41. Kf3 {[#]} Nd2+ $1 42. Kg4 {White hopes to continue with Re3.} Nxe4 43. Kf3 Nd2+ 44. Ke2 Nc4+ 45. Kf3 $2 (45. Ke1) 45... h5 46. Nc3 $2 (46. Rd1) 46... Nd2+ 47. Ke3 Nf1+ 48. Kf3 Nh2+ 49. Ke3 $2 (49. Ke4 Ng4 50. Rf3) 49... Ng4+ 50. Kf3 Rf2+ (50... Nf2 $142 51. Nd1 Nxd3 52. Nxb2 Nxb2) 51. Ke4 Rb2 $2 (51... Kh7 52. Nd1 Rf1) 52. Kf3 Bxd4 53. Rxd4 {[%mdl 4096] Endgame KRN-KRN} Rf2+ 54. Ke4 f5+ 55. Kd3 Rf3+ 56. Kc4 Rxg3 57. Rd3 Rg1 58. Kb5 Rf1 59. Ne2 Kf7 60. Kc6 Rf2 61. Nd4 Rxf4 62. Kc7 Ne5 63. Rd1 Rxh4 64. Ne6 Rc4+ 65. Kb6 f4 66. Ra1 f3 67. Ra8 Nd7+ 68. Kb5 {[#]} f2 $1 {[%mdl 512]} 69. Ra1 Rc2 70. Kb4 Nc5 {aiming for ...Rc1!} 71. Nd4 Nd3+ {Black mates.} 72. Ka5 Rc1 73. Rxc1 Nxc1 74. Ne2 f1=Q 75. Nxc1 Qxc1 76. Ka4 Qb2 77. Ka5 Qb3 {Av CentiPawn Loss W=-63/B=-15. Weighted=-56/-19} (77... h4 $142 78. Ka4 h3 79. Ka5 h2 80. Ka4 h1=Q 81. Ka5 Qha1#) 0-1

[Event "7th Uppsala Young Champions"]
[Site "Uppsala"]
[Date "2020.10.27"]
[Round "7.13"]
[White "Carlsson, Ludvig"]
[Black "Brozka, Karel"]
[Result "1-0"]
[WhiteElo "2281"]
[BlackElo "2216"]
[Annotator "TA"]
[PlyCount "59"]
[EventDate "2020.10.23"]
[EventType "swiss"]
[EventCountry "SWE"]
[SourceTitle "playchess.com"]
[Source "ChessBase"]
[SourceQuality "1"]

{[%evp 15,59,42,41,31,29,29,43,16,20,9,22,22,23,19,32,16,89,18,27,0,4,0,0,-10,76,84,159,169,148,151,157,149,414,396,604,587,654,660,654,664,1024,1020,1430,1284,1748,1699]} 1. d4 Nf6 2. c4 c5 3. d5 b5 4. Nf3 g6 5. cxb5 a6 6. b6 d6 7. e4 Nbd7 8. Nc3 Bg7 9. a4 {[%cal Ba2a4,Ba4a5][%mdl 32] a5 is the strong threat. A57: Benko/Volga Gambit.} Qxb6 10. a5 Qd8 11. Nd2 {White is slightly better.} O-O 12. Nc4 Ne8 {[#]} 13. h4 $146 ({Predecessor:} 13. Be2 Nc7 14. O-O Nb5 15. Re1 Nxc3 16. bxc3 Bxc3 17. Bh6 Bg7 18. Bxg7 Kxg7 19. f4 {0-1 (46) Kuzubov,Y (2643)-Baklan,V (2587) chess.com INT 2020}) 13... Nc7 14. h5 Nb5 15. Na4 Bb7 (15... Nd4 $11) 16. Be2 (16. Ncb6 $16) 16... Nf6 $11 17. Qd3 e6 {[%cal Re6d5]} (17... Nxh5 $2 18. Bxh5 e6 19. Bd1 $18) 18. Nab6 Rb8 19. Bg5 Re8 (19... exd5 $11 {keeps the balance.} 20. exd5 h6) 20. hxg6 hxg6 (20... fxg6 $142 21. e5 exd5 22. exf6 (22. Bxf6 Bxf6 23. exf6 Qxf6 $14) 22... Bxf6 23. Bxf6 Qxf6) 21. e5 $16 dxe5 {[%cal Re6d5] [#]} 22. d6 $1 ({Of course not} 22. Nxe5 $6 exd5 23. Ned7 Nd4 $11) 22... Bxg2 23. Rh2 $36 {[%mdl 2048] White is on the roll.} e4 $2 {[%mdl 8192] [#] Loses the game.} (23... Rxb6 $16 24. Nxb6 (24. axb6 Bd5 $11) 24... c4 25. Qxc4 (25. Nxc4 Bd5 $14) 25... Nxd6 26. Qxa6 Be4) 24. Qg3 $1 $18 Nd4 (24... Bf3 $142 25. Bxf3 exf3) 25. Qxg2 {White is clearly winning.} Nc2+ 26. Kf1 Nxa1 27. Qh3 Kf8 28. Qh4 {White wants to mate with Bxf6.} Rb7 {[#]} 29. d7 $1 {[%mdl 512]} Rxd7 (29... Nxd7 30. Bxd8) 30. Nxd7+ {[%mdl 64] Pin. Av CentiPawn Loss W=-17/B=-97. Weighted=-13/-92} 1-0

[Event "7th Uppsala Young Champions"]
[Site "Uppsala"]
[Date "2020.10.27"]
[Round "7.14"]
[White "Radeva, Viktoria"]
[Black "Urh, Zala"]
[Result "1-0"]
[WhiteElo "2263"]
[BlackElo "2195"]
[Annotator "TA"]
[PlyCount "145"]
[EventDate "2020.10.23"]
[EventType "swiss"]
[EventCountry "SWE"]
[SourceTitle "playchess.com"]
[Source "ChessBase"]
[SourceQuality "1"]

{[%evp 27,145,42,43,23,67,27,18,14,24,23,33,0,0,0,13,5,35,28,54,12,20,9,46,0,18,23,12,0,20,16,14,19,56,56,70,25,23,25,35,31,93,79,112,91,128,114,153,106,103,103,142,128,183,179,232,222,240,235,309,322,321,302,318,296,376,387,638,637,604,598,538,385,782,391,623,340,325,309,391,337,338,368,391,391,327,257,1591,1233,29957,29956,29965,29968,5097,51,6023,51,51,51,51,51,51,51,29975,29976,29976,29977,29977,29978,29978,29976,29979,29980,29980,29981,29981,29982,29983,29984,29984,29985]} 1. e4 c5 2. Nf3 Nc6 3. d4 cxd4 4. Nxd4 Nf6 5. Nc3 e5 6. Ndb5 d6 7. Bg5 a6 8. Na3 b5 9. Nd5 Be7 10. Bxf6 Bxf6 11. c3 Bb7 12. Nc2 Ne7 13. Nxf6+ gxf6 14. Bd3 d5 15. Qe2 {B33: Sicilian: Pelikan and Sveshnikov Variations.} f5 16. O-O-O (16. exf5 $5 {[%cal Re2e5]} e4 17. f6 $14) 16... fxe4 {[#]} 17. Bxe4 $1 {[%mdl 512] The position is equal.} Qc7 (17... dxe4 18. Rxd8+) 18. Bf3 O-O-O {[#]} 19. Bg4+ $146 ({Predecessor:} 19. g3 f5 20. Rhe1 Ng6 21. Bh5 e4 22. f4 Ne7 23. Kb1 Nc6 24. Ne3 d4 25. cxd4 Nxd4 {½-½ (54) Almendras,E (2143)-Vera,S (2056) La Paz 2020}) 19... Kb8 20. Rhe1 f6 21. Kb1 Rhg8 22. Bh3 Rg7 23. Nb4 a5 24. Nc2 Qb6 25. g3 Nc6 26. Qe3 Qxe3 27. fxe3 (27. Rxe3 {is more complex.} Rc7 28. Bf5 Rd6 29. h4 Rd8 30. Rf3) 27... Bc8 28. Bxc8 Kxc8 29. Rf1 $36 {[%mdl 2048] Black is under pressure.} Rd6 30. e4 d4 31. cxd4 exd4 32. Ne3 {[%mdl 64] Strongly threatening Nf5. Pin} Re6 33. Nd5 Rf7 ({Black should play} 33... Rxe4 $14 34. Rxf6 Rg6) 34. Rf4 a4 35. g4 h6 36. h4 Ne7 37. Nxe7+ Rfxe7 38. Rxd4 $16 {[%mdl 4096] Endgame KRR-KRR} Kc7 39. Kc2 Rc6+ (39... Rd7 $16 {was called for.} 40. Rd5 Rxd5 41. exd5 Re2+ 42. Kc1 Rg2 43. Rxf6 Rg1+ 44. Kd2 Rg2+ 45. Kc3 Rg3+ 46. Kd2 Rg2+ 47. Kc3 Rg3+ 48. Kd2 Rg2+) 40. Kd3 $18 Ree6 (40... Re5 $142 41. Rd5 b4) 41. Rf5 Rc1 42. Rxb5 Rd1+ 43. Ke3 Re1+ 44. Kf3 Rf1+ 45. Kg2 Rf4 46. Kg3 Rfxe4 $2 (46... Rf1 47. Rxa4 Rg1+ 48. Kf3 Rf1+ 49. Ke3 Rd6 50. Ra7+ Kc8 51. Rc5+ Kb8) 47. Rc5+ Kb7 48. Rxe4 Rxe4 {KR-KR} 49. Rf5 Rb4 $2 (49... Re3+ 50. Rf3 Re6) 50. Rf2 Kc7 (50... Rb6 $142 51. Kf4 Rb5) 51. h5 Rb6 52. Kf4 Kd7 53. Re2 Rb5 54. Re4 Rxb2 55. Rxa4 Ke6 56. Re4+ Kd5 $2 (56... Kf7 57. a4 Rf2+ 58. Ke3 Ra2) 57. Kf5 Rxa2 58. Rf4 Ra8 59. Kg6 Rg8+ 60. Kxh6 $2 (60. Kh7 $18 Rf8 61. Kxh6) 60... Ke5 $2 {[%mdl 8192]} (60... Ke6 $14) 61. Ra4 $2 (61. Kh7 $1 $18 Rc8 62. Rf5+ Ke6 63. Kg7 Rc7+ 64. Kg6) 61... Ke6 $14 62. Kh7 Rg5 63. h6 {Threatens to win with Ra6+.} f5 $1 64. gxf5+ Rxf5 $2 {[%mdl 8192] [#]} (64... Kf6 $14) 65. Kg6 $1 {White mates.} Rf6+ {[#]} 66. Kg7 $1 Rf7+ 67. Kg8 Rf1 68. Rg4 Ke7 69. h7 Rf8+ 70. Kg7 Rf7+ 71. Kh6 Rf6+ 72. Rg6 Rf8 73. Rg8 {Av CentiPawn Loss W=-63/B=337. Weighted=-64/292} 1-0

[Event "7th Uppsala Young Champions"]
[Site "Uppsala"]
[Date "2020.10.27"]
[Round "7.15"]
[White "Rozman, Monika"]
[Black "Hrescak, Ivana"]
[Result "1-0"]
[WhiteElo "2129"]
[BlackElo "2237"]
[Annotator "ChessBase"]
[PlyCount "63"]
[EventDate "2020.10.23"]
[EventType "swiss"]
[EventCountry "SWE"]
[SourceTitle "playchess.com"]
[Source "ChessBase"]
[SourceQuality "1"]
[TimeControl "5400+30"]

1. e4 {[%emt 0:00:00]} g6 {[%emt 0:00:00]} 2. f4 {[%emt 0:01:06]} Bg7 {[%emt 0:00:00]} 3. Nf3 {[%emt 0:00:27]} c5 {[%emt 0:01:45]} 4. d3 {[%emt 0:01:10]} d6 {[%emt 0:02:22]} 5. g3 {[%emt 0:00:53]} e6 {[%emt 0:00:51]} 6. Bg2 {[%emt 0:00:38]} Ne7 {[%emt 0:00:06]} 7. O-O {[%emt 0:00:23]} O-O {[%emt 0:00:22]} 8. Na3 {[%emt 0:05:17]} a6 {[%emt 0:04:22]} 9. Nh4 {[%emt 0:02:22]} Nbc6 {[%emt 0:01:20]} 10. c3 {[%emt 0:01:10]} d5 {[%emt 0:07:10]} 11. Nc2 {[%emt 0:05:39]} f5 {[%emt 0:07:27]} 12. e5 {[%emt 0:09:56]} Rb8 {[%emt 0:04:40]} 13. Nf3 {[%emt 0:04:16]} b5 {[%emt 0:06:14]} 14. Be3 {[%emt 0:00:35]} c4 {[%emt 0:00:31]} 15. Bc5 {[%emt 0:01:32]} Re8 {[%emt 0:03:55]} 16. Rf2 {[%emt 0:03:17]} Bd7 {[%emt 0:01:49]} 17. Ne3 {[%emt 0:03:47]} h6 {[%emt 0:07:01]} 18. Rd2 {[%emt 0:06:17]} Rb7 {[%emt 0:05:45]} 19. Nh4 {[%emt 0:01:28]} g5 {[%emt 0:08:21]} 20. Nhxf5 {[%emt 0:02:40]} exf5 {[%emt 0:05:35]} 21. dxc4 {[%emt 0:04:03]} bxc4 {[%emt 0:06:24]} 22. Nxd5 {[%emt 0:00:46]} Qa5 {[%emt 0:05:51]} 23. Bf2 {[%emt 0:03:28]} Nxd5 {[%emt 0:07:28]} 24. Rxd5 {[%emt 0:04:55]} Qd8 {[%emt 0:02:04]} 25. Rd6 {[%emt 0:00:39]} Qc8 {[%emt 0:00:45]} 26. Qd5+ {[%emt 0:02:30]} Kh8 {[%emt 0:00:54]} 27. Rd1 {[%emt 0:03:01]} Be6 {[%emt 0:03:56]} 28. Qxc6 {[%emt 0:00:45]} Rxb2 {[%emt 0:00:29]} 29. Qxc8 {[%emt 0:01:04]} Rxc8 {[%emt 0:01:00]} 30. Rxe6 {[%emt 0:00:14]} Rc2 {[%emt 0:00:24]} 31. Bd4 {[%emt 0:02:32]} Rb8 {[%emt 0:00:05]} 32. Rb6 {[%emt 0:03:53]} 1-0

[Event "7th Uppsala Young Champions"]
[Site "Uppsala"]
[Date "2020.10.27"]
[Round "7.16"]
[White "Kruckenhauser, Arthur"]
[Black "Ostlund, Joar"]
[Result "1-0"]
[WhiteElo "2301"]
[BlackElo "2106"]
[Annotator "TA"]
[PlyCount "125"]
[EventDate "2020.10.23"]
[EventType "swiss"]
[EventCountry "SWE"]
[SourceTitle "playchess.com"]
[Source "ChessBase"]
[SourceQuality "1"]

{[%evp 9,125,-37,-30,-36,-36,-35,-23,-43,8,-13,-16,-36,-48,-50,-43,-80,0,0,0,0,24,-15,0,-16,-8,-33,15,-30,34,-22,-7,-12,27,27,28,28,37,37,33,34,31,32,30,29,28,29,36,-28,0,0,34,-83,0,0,8,8,8,-29,-36,-48,-48,-43,0,0,0,0,0,0,0,-18,8,0,0,0,0,0,0,0,0,0,0,-31,0,0,0,0,87,94,147,8,50,20,60,60,55,66,216,211,194,224,218,219,203,0,0,0,0,0,0,-120,0,0,2685,4594,2738,2411,2216,2206]} 1. a3 d5 2. Nf3 Nf6 3. e3 Bg4 4. Be2 Nbd7 5. b4 e5 6. Bb2 {A00: Irregular Openings.} Bd6 7. h3 Bh5 8. d3 {Black has an edge.} Qe7 (8... a5 $15) 9. Nbd2 {[#]} c6 $146 ({Predecessor:} 9... Bg6 10. c4 c5 11. cxd5 Nxd5 12. bxc5 Bxc5 13. Qb3 N5f6 14. O-O O-O 15. Nh4 Bb6 16. Nxg6 hxg6 {1-0 (41) Mamuzic,M (2260)-Sebok,I (2102) Hungary 2007}) 10. Nh4 Bxe2 11. Qxe2 g6 12. Nb3 Nh5 (12... e4 $17) 13. Nf5 $11 gxf5 14. Qxh5 Qe6 15. g3 O-O-O 16. O-O-O Qg6 17. Qf3 Kb8 18. Kb1 Rhe8 (18... Rhg8 $11) 19. Rhe1 ({White should play} 19. g4 $14) 19... e4 20. Qe2 Ne5 21. Bxe5 Bxe5 22. d4 Bd6 23. c4 dxc4 24. Qxc4 Qe6 25. Rc1 Bf8 26. Rg1 Rd5 27. Kb2 Be7 28. Nd2 (28. Nc5 $14 Qg6 29. h4) 28... h5 29. Nb1 Bf6 30. Kb3 (30. Qb3 $14 {keeps the upper hand.}) 30... b5 ({Better is} 30... h4 $1 $17 31. Kb2 hxg3 32. Rxg3 f4 $1 {[%mdl 512]}) 31. Qxc6 Rxd4+ 32. Qxe6 Rd3+ 33. Ka2 (33. Rc3 $5 {[%cal Re6e8]} fxe6 34. Rxd3 exd3 35. Nc3 $11) 33... fxe6 34. Rc5 a6 35. Rgc1 Re7 (35... h4 $5 {[%cal Rh4g3]} 36. gxh4 Bxh4 $17) 36. h4 Kb7 37. R1c2 Red7 38. Rc6 R3d6 39. Rc8 e5 40. Rf8 Rd8 41. Rf7+ R8d7 42. Rxd7+ Rxd7 {[%mdl 4096] Endgame KRB-KRN} 43. Nc3 Rd3 44. Kb2 Be7 45. Ne2 Rd1 (45... a5 $5) 46. Nc1 {[#]} f4 $1 {[%mdl 512]} 47. Nb3 (47. exf4 exf4) 47... Rd7 (47... Bf8 $11 {remains equal.}) 48. Na5+ $1 $16 ({Reject} 48. exf4 $6 exf4 49. gxf4 Kb6 $11) 48... Ka8 (48... Kb6 $142) 49. Kc1 (49. Rc8+ $16 Ka7 50. Rh8) 49... fxg3 50. fxg3 {Rc8+ is the strong threat.} Bd6 51. Rc8+ Ka7 52. Rh8 Rg7 (52... Bc7 $1 $14) 53. Rxh5 $18 Rxg3 54. Rh7+ Kb8 {[#]} 55. h5 $1 Rxe3 56. h6 $2 ({Only move:} 56. Rd7 $18 Bc7 57. h6 Rxa3 58. h7 Rc3+ 59. Kd2) 56... Rh3 57. Kd1 Rh2 ({Avoid the trap} 57... Rxa3 $2 58. Rg7 $18) 58. Ke1 e3 59. Nb3 (59. Nc6+ $11 Kc8 60. Ne7+ Bxe7 61. Rxe7 Rxh6 62. Rxe5) 59... Bc7 ({Black should try} 59... e4 $17 {( -> ...Bg3+)} 60. Nd4 Bg3+ 61. Kf1 {[#]} e2+ $1 {[%mdl 512]} 62. Nxe2 Rf2+ 63. Kg1 Rxe2) 60. Nc5 $11 Bb6 $2 {[%mdl 8192]} (60... Bd6 $11) 61. Rb7+ $18 {[%mdl 64] Double Attack. White is clearly winning.} Kc8 62. Rxb6 Kc7 63. Rxa6 {Av CentiPawn Loss W=10/B=0. Weighted=-1/-58} 1-0